000 01202cam a2200337Ma 4500
001 91879
005 20230410115416.0
008 061223s2006 fr 000 0 fre d
035 _a(OCoLC)ocn237086248
040 _aGEBAY
_eaacr
_bger
_cGEBAY
_dGBVCP
_dCHVBK
020 _a2020863782
020 _a9782020863780
029 1 _aCHVBK
_b066873703
035 _a(OCoLC)237086248
050 1 4 _aHD 4903.5
_bD814i 2006
100 1 _aDubet, Francois
245 1 0 _aInjustices :
_bl'experience des inegalites au travail /
_cFrancois Dubet, avec Valérie Caillet ... [et al.].
260 _aParis :
_bSeuil,
_cc2006.
300 _a490, [14] p. :
_bill. ;
_c22 cm.
650 0 _aDiscrimination in employment
_zFrance.
650 0 _aIndustrial sociology
_zFrance.
650 4 _aDiscriminación laboral.
650 4 _aSociología industrial.
650 4 _aDiscriminación laboral
_zFrancia.
650 4 _aIndustrial sociology
_zFrance.
700 1 _aCaillet, Valerie
856 _uhttp://bvbr.bib-bvb.de:8991/F?func=service&doclibrary=BVB01&docnumber=015407932&linenumber=0001&funccode=DBöRECORDS&serviceötype=MEDIA
_zInhaltsverzeichnis
942 _2lcc
_cbk
994 _aC0
_bDRFGD
946 _anc
999 _c40565
_d40565